Normal view
MARC view
Entry Topical Term
001 - CONTROL NUMBER
- control field: 19303
003 - CONTROL NUMBER IDENTIFIER
- control field: OSt
005 - DATE AND TIME OF LATEST TRANSACTION
- control field: 20201113120759.0
008 - FIXED-LENGTH DATA ELEMENTS
- fixed length control field: 201113|| aca||aabn | a|a d
040 ## - CATALOGING SOURCE
- Original cataloging agency: OSt
- Transcribing agency: OSt
150 ## - HEADING--TOPICAL TERM
- Topical term or geographic name entry element: Environmental policy. Labelling, Re-use. Remanufacturing. Resource efficiency.
670 ## - SOURCE DATA FOUND
- Source citation: Work cat.: (OSt): Gavertsson, L, Milios, L, Dalhammar, C. 19302, Quality labelling for re-used ICT equipment to support consumer choice in the circular economy
